| 000 | 00744nam a22002894a 4500 | ||
|---|---|---|---|
| 001 | UByD003062 | ||
| 003 | AR-LpoUNG | ||
| 005 | 20240816143019.0 | ||
| 008 | 240809s2004|||| uka b 000|1 eng d | ||
| 020 | _a9780333982242 | ||
| 040 |
_aAR-LpoUNG _bspa _cAR-LpoUNG _eaacr |
||
| 041 | 0 | _aeng | |
| 044 | _auk | ||
| 082 | 0 | 4 |
_a808.068 3 676sna _220 |
| 100 | 1 | _aDonaldson, Julia | |
| 245 | 1 | 4 | _aThe snail and the whale |
| 250 | _a1ra. ed. | ||
| 260 |
_aLondon : _bMacmillan, _c2004. |
||
| 300 |
_a30 p. : _bil. |
||
| 505 | 0 | _aSugerido a partir de 8 aƱos (etiqueta CELESTE) | |
| 650 | 4 | _aCUENTOS | |
| 650 | 4 | _aLITERATURA | |
| 653 | 0 | _aLITERATURA INFANTIL | |
| 700 | 1 |
_aScheffler, Axel _eil. |
|
| 905 | _a50234 | ||
| 942 |
_cLIB _2ddc |
||
| 999 |
_c65653 _d65653 |
||